000 00756cam a22002051 4500
001 000002540
005 20200929150217.0
008 840524s1968 oncf b 000 0 fre
040 _aDO-SdBNP
_bspa
_cBNPHU
041 1 7 _aspa
_heng
100 1 _aSabourin, Louis.
_97984
245 1 3 _aLe systeme politique du Canada, institutions federales et quebecoises.
260 _aOttawa, :
_bEditions de l'Universite d'Ottawa,
_c1968.
300 _axi, 507 p. :
_bplates. ;
_c24 cm.
440 0 _aCahiers des sciences sociales ;
_vno 4
_97985
500 _aAt head of title: Sous la direction de Louis Sabourin.
504 _aBibliography: p. [475]-502.
650 0 _aLocal government
_zQuebec (Province{Rpara}
_97986
651 0 _aCanada
_xPolitics And Government.
_97987
999 _c2376
_d2376